Executive coaching : lead, develop, retain, motivated, talented people /
This book is about: Setting the scene for executive coaching; Executive effectiveness: myths and realities; Talent management; Where executive coaching adds values; ...
में बचाया:
| मुख्य लेखक: | |
|---|---|
| स्वरूप: | पुस्तक |
| भाषा: | English |
| प्रकाशित: |
Sydney :
Pearson Education,
2000.
|
| विषय: | |
| टैग : |
टैग जोड़ें
कोई टैग नहीं, इस रिकॉर्ड को टैग करने वाले पहले व्यक्ति बनें!
|
| Thư viện lưu trữ: | Mạng thư viện Đại học Đà Nẵng |
|---|
| LEADER | 01117cam a2200361 i 4500 | ||
|---|---|---|---|
| 001 | 000048478 | ||
| 003 | 8196 | ||
| 005 | 20030225143916.0 | ||
| 008 | 010321|2000 vm 000 eng | ||
| 020 | |a 1740093119 | ||
| 040 | |a IRC |c IRC |d IRC | ||
| 041 | 0 | |a eng | |
| 082 | 1 | 4 | |a 658.4092 |b ST-P |
| 100 | 1 | |a Stephenson, Peter. | |
| 245 | 0 | 0 | |a Executive coaching : |b lead, develop, retain, motivated, talented people / |c Peter Stephenson. |
| 260 | |a Sydney : |b Pearson Education, |c 2000. | ||
| 300 | |a xviii, 269 p. ; |c 23.5cm. | ||
| 520 | 3 | |a This book is about: Setting the scene for executive coaching; Executive effectiveness: myths and realities; Talent management; Where executive coaching adds values; ... | |
| 630 | 0 | 4 | |a Management. |
| 630 | 0 | 4 | |a Leadership. |
| 650 | 0 | 4 | |a Leadership. |
| 650 | 0 | 4 | |a Executives |x Training of. |
| 650 | 0 | 4 | |a Management |x Study and teaching. |
| OWN | |a DUT | ||
| 999 | |a From the UDN01 | ||
| TYP | |a Monograph | ||
| TYP | |a Printed language | ||
| 980 | |a Mạng thư viện Đại học Đà Nẵng | ||


